Windows based Computer Courses (Record no. 7275)

MARC details
000 -LEADER
fixed length control field 00287nam a2200121Ia 4500
008 - FIXED-LENGTH DATA ELEMENTS--GENERAL INFORMATION
fixed length control field 191201s2008 xx 000 0 und d
100 ## - MAIN ENTRY--PERSONAL NAME
Personal name JAIN, Pooja
245 #0 - TITLE STATEMENT
Title Windows based Computer Courses
260 ## - PUBLICATION, DISTRIBUTION, ETC. (IMPRINT)
Date of publication, distribution, etc 2008
Name of publisher, distributor, etc S.Vikas
Place of publication, distribution, etc Jalandhar
300 ## - PHYSICAL DESCRIPTION
Extent misc
650 ## - SUBJECT ADDED ENTRY--TOPICAL TERM
Topical term or geographic name as entry element CSE
942 ## - ADDED ENTRY ELEMENTS (KOHA)
Source of classification or shelving scheme Dewey Decimal Classification
Koha item type Book Bank
Holdings
Withdrawn status Lost status Source of classification or shelving scheme Damaged status Not for loan Collection code Home library Current library Date acquired Source of acquisition Cost, normal purchase price Bill Number Total Checkouts Acc. no. / Barcode Date last seen Bill Date Koha item type Checked out Date last borrowed
    Dewey Decimal Classification     B.Tech(CSE) PIET C-LIBRARY PIET C-LIBRARY 27/11/2008 S. vikas & Company 475.00 3437   BB4432 04/12/2019 27/11/2008 Book Bank    
    Dewey Decimal Classification     B.Tech(CSE) PIET C-LIBRARY PIET C-LIBRARY 27/11/2008 S. vikas & Company 475.00 3437   BB4433 04/12/2019 27/11/2008 Book Bank    
    Dewey Decimal Classification     B.Tech(CSE) PIET C-LIBRARY PIET C-LIBRARY 27/11/2008 S. vikas & Company 475.00 3437 1 BB4434 27/10/2020 27/11/2008 Book Bank 17/05/2021 27/10/2020
    Dewey Decimal Classification     B.Tech(CSE) PIET C-LIBRARY PIET C-LIBRARY 27/11/2008 S. vikas & Company 475.00 3437   BB4435 04/12/2019 27/11/2008 Book Bank    
    Dewey Decimal Classification     B.Tech(CSE) PIET C-LIBRARY PIET C-LIBRARY 27/11/2008 S. vikas & Company 475.00 3437   BB4436 04/12/2019 27/11/2008 Book Bank    

Design & Developed by: PIET Central Library
R70 Miles Stone Pattikalyana Samalkha Panipat 132102
mail ID :- [email protected], Phone No:- 0180-2569700 Ex.216